[Event "Ch URS (juniors) (qual)"]
[Site "masterchessopen.com Leningrad (Russia)"]
[Round "0"]
[White "Kiriakov Petr (RUS)"]
[Black "Mikhalevski Victor (ISR)"]
[Result "0-1"]
[WhiteElo "2538"]
[BlackElo "2542"]

1.d4 Nf6 2.c4 e6 3.Nc3 Bb4 4.Qc2 d5 5.cxd5 exd5 6.Bg5 h6 7.Bh4 O-O 8.e3 c5
9.dxc5 Be6 10.Nf3 Nbd7 11.Bd3 Qa5 12.O-O Rac8 13.Ne2 Bxc5 14.Qb1 Rfe8 15.Ned4
Ne4 16.a3 Qb6 17.Qa2 Nd2 18.Nxe6 Nxf3+ 19.gxf3 Qxe6 20.Qb1 Ne5 21.Kg2 g6 22.f4
Qg4+ 23.Bg3 Qf3+ 24.Kg1 Nxd3 25.Qxd3 Rxe3 26.Qd1 Re2 27.Rc1 Rc6 28.Rc3 Qe4
29.Qc1 Be3 30.Qd1 Bb6 31.Rd3 d4 32.f3 Qe6 {#R} 0-1

[Event "Ch Central Chess Club"]
[Site "masterchessopen.com Moscow (Russia)"]
[Round "0"]
[White "Dragomarezkij Evgeni (RUS)"]
[Black "Losev Dmitry (RUS)"]
[Result "1-0"]
[WhiteElo "2435"]
[BlackElo "2326"]

1.d4 Nf6 2.c4 e6 3.Nc3 Bb4 4.Qc2 d5 5.cxd5 exd5 6.Bg5 O-O 7.e3 Re8 8.Bd3 h6
9.Bh4 c5 10.Ne2 c4 11.Bf5 Bxf5 12.Qxf5 Qd7 13.Qc2 Ne4 14.f3 Nxc3 15.bxc3 Rxe3
16.cxb4 Nc6 17.O-O Rae8 18.Nf4 Nxb4 19.Qb2 Qa4 20.Rab1 a5 21.Be1 Nxa2 22.Ra1
Ra3 23.Nxd5 b5 24.Nc3 {#r} 1-0

[Event "Ch Argentina"]
[Site "masterchessopen.com Acasusso (Argentina)"]
[Round "0"]
[White "Mellano Santiago (ARG)"]
[Black "Fernandez Murga Roberto (ARG)"]
[Result "1-0"]
[WhiteElo "2226"]
[BlackElo "2230"]

1.d4 Nf6 2.c4 e6 3.Nc3 Bb4 4.Qc2 d5 5.cxd5 exd5 6.Bg5 h6 7.Bh4 g5 8.Bg3 Ne4
9.e3 Nxg3 10.hxg3 c6 11.Bd3 Be6 12.f4 f6 13.Nf3 Nd7 14.Bg6+ Ke7 15.e4 dxe4
16.Qxe4 Kd6 17.O-O Bxc3 18.bxc3 Bd5 19.Qd3 Qg8 20.Nd2 b5 21.a4 a6 22.axb5 axb5
23.Rxa8 Qxa8 24.c4 bxc4 25.Nxc4+ Kc7 26.Ne3 Rb8 27.Nxd5+ cxd5 28.Rc1+ Kd6
29.Qc3 Qb7 30.Bf5 Qb6 31.Qe3 Nf8 32.Re1 Rb7 33.fxg5 hxg5 34.g4 Qb4 35.Qg3+ Kc6
36.Rc1+ Kb6 37.Rb1 {#r} 1-0

[Event "Ch Yugoslavia (team)"]
[Site "masterchessopen.com Cetinje (Montenegro)"]
[Round "6"]
[White "Drasko Milan (MNE)"]
[Black "Maksimovic Branimir (SRB)"]
[Result "0-1"]
[WhiteElo "2478"]
[BlackElo "2455"]

1.d4 Nf6 2.c4 e6 3.Nc3 Bb4 4.Qc2 d5 5.cxd5 exd5 6.Bg5 h6 7.Bh4 c5 8.dxc5 Nc6
9.e3 g5 10.Bg3 Ne4 11.Nf3 Qa5 12.Nd2 Nxd2 13.Qxd2 Be6 14.Rc1 d4 15.exd4 O-O-O
16.a3 Nxd4 17.axb4 Qxb4 18.Bd6 Nb3 19.Qc2 Rhe8 20.Bd3 Nxc1 21.Qxc1 Bc4+ 22.Kd2
b6 23.Bf5+ Kb7 24.Re1 Qxc5 25.Be4+ Rxe4 26.Nxe4 Qd4+ {#R} 0-1

[Event "Match \"]
[Site "masterchessopen.com Leningrad (Russia)"]
[Round "0"]
[White "Ostojic Nikola (SRB)"]
[Black "Yemelin Vasily (RUS)"]
[Result "1-0"]
[WhiteElo "2446"]
[BlackElo "2568"]

1.d4 Nf6 2.c4 e6 3.Nc3 Bb4 4.Qc2 d5 5.cxd5 exd5 6.Bg5 h6 7.Bxf6 Qxf6 8.a3
Bxc3+ 9.Qxc3 O-O 10.e3 Bf5 11.Ne2 Rc8 12.Ng3 Bg6 13.b4 a5 14.Be2 axb4 15.axb4
Rxa1+ 16.Qxa1 Qb6 17.b5 c6 18.Qc3 Rc7 19.O-O cxb5 20.Qb3 b4 21.Qxd5 b3 22.e4
b2 23.Bd3 Rd7 24.Qe5 Nc6 25.Qe8+ Kh7 26.Qxd7 Qb3 27.Bb1 h5 28.h3 Na5 29.Qd5
{#r} 1-0

[Event "It (open)"]
[Site "masterchessopen.com Zaragoza (Spain)"]
[Round "3"]
[White "Aparicio Navarro Pedro (ESP)"]
[Black "Sanz Navarro Alberto (ESP)"]
[Result "1-0"]
[WhiteElo "2181"]
[BlackElo "1731"]

1.d4 Nf6 2.c4 e6 3.Nc3 Bb4 4.Qc2 d5 5.cxd5 exd5 6.Bg5 h6 7.Bh4 Nc6 8.e3 Be6
9.a3 Be7 10.Nf3 a6 11.Bd3 Qd7 12.O-O g5 13.Bg3 Nh5 14.Ne5 Nxe5 15.Bxe5 Bf6
16.Bxf6 Nxf6 17.Na4 b6 18.f4 Qe7 19.Qc6+ Kf8 20.Qxa8+ Kg7 21.Qc6 Bd7 22.Qc2
Qxe3+ 23.Qf2 Qxf2+ 24.Rxf2 Bxa4 25.fxg5 hxg5 26.Raf1 Rh6 27.Bxa6 Be8 28.Re2 b5
29.Bb7 b4 30.Rxf6 Rxf6 31.Rxe8 bxa3 32.bxa3 Rf4 33.Re7 Rxd4 34.Rxc7 Kg6 35.Rd7
Rd1+ 36.Kf2 d4 37.a4 f5 38.Rd6+ Kh5 39.Bf3+ {#r} 1-0

[Event "It (open) \"]
[Site "masterchessopen.com Cologne (Germany)"]
[Round "4"]
[White "Budnikov Alexandar (RUS)"]
[Black "Morawietz Dieter (GER)"]
[Result "1-0"]
[WhiteElo "2540"]
[BlackElo "2432"]

1.d4 Nf6 2.c4 e6 3.Nc3 Bb4 4.Qc2 d5 5.cxd5 exd5 6.Bg5 h6 7.Bxf6 Qxf6 8.e3 O-O
9.Nf3 c6 10.Be2 Re8 11.O-O Bf5 12.Qb3 a5 13.a3 Bd6 14.Qxb7 Nd7 15.Qb3 Reb8
16.Qa2 h5 17.Nd2 Bc7 18.Rfc1 Ra7 19.Na4 h4 20.Rc3 Re8 21.Rac1 Re6 22.Qb3 Bxh2+
23.Kxh2 h3 24.Bf3 hxg2 25.Kxg2 Be4 26.Bxe4 dxe4 27.Rh1 Qf5 28.Kf1 Rf6 29.Rh2
Ra8 30.Nc5 {#r} 1-0

[Event "It (open)"]
[Site "masterchessopen.com Dearborn (USA)"]
[Round "6"]
[White "Finegold Benjamin (USA)"]
[Black "Levit Roman (USA)"]
[Result "1-0"]
[WhiteElo "2465"]
[BlackElo "2275"]

1.d4 Nf6 2.c4 e6 3.Nc3 Bb4 4.Qc2 d5 5.cxd5 exd5 6.Bg5 c6 7.e3 Be7 8.Bd3 Bg4
9.Bxf6 Bxf6 10.Bxh7 Na6 11.h3 Be6 12.Bf5 c5 13.Bxe6 fxe6 14.Nge2 O-O 15.O-O c4
16.a3 Nc7 17.e4 b5 18.e5 Be7 19.f4 Qd7 20.Rf3 a5 21.Raf1 b4 22.axb4 axb4
23.Nd1 Ra1 24.Ne3 Rxf1+ 25.Rxf1 Qe8 26.g4 b3 27.Qb1 g6 28.Ng2 Qf7 29.Kh2 Qh7
30.Ng3 Nb5 31.Qd1 Kg7 32.f5 Bg5 33.fxe6 Rxf1 34.Qxf1 Qg8 35.h4 Bd8 36.Qf3 Qxe6
37.Nf4 Qf7 38.e6 Qf8 39.Qxd5 Qxf4 40.Qd7+ Kh6 41.Qxd8 Kg7 42.Qd7+ Kg8 43.Qxb5
Qxg4 44.Qxc4 Qxh4+ 45.Kg2 {#r} 1-0

[Event "Olympiad"]
[Site "masterchessopen.com Manila (Philippines)"]
[Round "3"]
[White "James Dale R (ENG)"]
[Black "Chinasamy Devarajen (MRI)"]
[Result "1-0"]
[WhiteElo "2300"]
[BlackElo "2085"]

1.d4 Nf6 2.c4 e6 3.Nc3 Bb4 4.Qc2 d5 5.cxd5 exd5 6.Bg5 O-O 7.e3 Qd6 8.Bd3 h6
9.Bh4 Bg4 10.f3 Be6 11.Bxf6 gxf6 12.Ne2 Nc6 13.Ng3 Kh8 14.a3 Bxc3+ 15.bxc3 Rg8
16.O-O Ne7 17.c4 dxc4 18.Bxc4 Bxc4 19.Qxc4 Qe6 20.Qd3 Rad8 21.e4 Qb6 22.Rfd1
c6 23.Rab1 Qc7 24.Qb3 b6 25.Qxf7 Rdf8 26.Qe6 Rg6 27.Nf5 Nxf5 28.Qxf5 Rfg8
29.Rb2 Qe7 30.d5 Qxa3 31.Re2 cxd5 32.exd5 Qd6 33.Kh1 Rg5 34.Qh3 R5g6 35.Re6
Qd7 36.d6 Qa4 37.Ree1 Qf4 38.d7 Qc7 39.Re8 Kh7 40.d8=Q Qxd8 41.Rexd8 {#r} 1-0

[Event "It \"]
[Site "masterchessopen.com Suhr (Switzerland)"]
[Round "0"]
[White "Sutter Oliver (SUI)"]
[Black "Huss Andreas (SUI)"]
[Result "0-1"]
[WhiteElo "2354"]
[BlackElo "2308"]

1.d4 e6 2.c4 Nf6 3.Nc3 Bb4 4.Qc2 d5 5.cxd5 exd5 6.Bg5 h6 7.Bxf6 Qxf6 8.a3
Bxc3+ 9.Qxc3 O-O 10.e3 Bf5 11.Nf3 Rc8 12.Rc1 Nd7 13.Be2 c5 14.dxc5 Rxc5 15.Qd2
Rxc1+ 16.Qxc1 Ne5 17.Nxe5 Rc8 18.Nc4 dxc4 19.O-O c3 20.bxc3 Qxc3 21.Qxc3 Rxc3
22.Ra1 Kf8 23.Kf1 Ke7 24.Ke1 Kd6 25.Bf3 b5 26.e4 Be6 27.Kd2 Rb3 28.Bd1 Rb2+
29.Ke3 g5 30.Rc1 a5 31.h3 Ra2 32.Rc3 b4 33.axb4 axb4 34.Rc1 b3 35.Bg4 b2
36.Rb1 Bxg4 37.hxg4 Ke5 38.f3 f6 39.Kd2 Kf4 40.Kc2 Kg3 41.Rh1 Ra1 {#R} 0-1

[Event "It"]
[Site "masterchessopen.com Belgrade (Yugoslavia)"]
[Round "7"]
[White "Bareev Evgeny (RUS)"]
[Black "Beliavsky Alexander G (SLO)"]
[Result "0-1"]
[WhiteElo "2660"]
[BlackElo "2635"]

1.d4 Nf6 2.c4 e6 3.Nc3 Bb4 4.Qc2 d5 5.cxd5 exd5 6.Nf3 Ne4 7.e3 c6 8.Bd3 f5
9.O-O Nd7 10.Ne1 Qa5 11.a3 Bxc3 12.bxc3 Nb6 13.f3 Nd6 14.a4 Nbc4 15.e4 O-O
16.e5 Nb5 17.Rf2 Nxd4 18.cxd4 Qxe1+ 19.Bf1 f4 20.Re2 Qb4 21.Rb1 Qe7 22.Qc3 Be6
23.Ra2 Rf7 24.a5 Rd8 25.Bxc4 dxc4 26.Ba3 Qe8 27.Bc5 a6 28.Rab2 Rdd7 29.Re1 g5
30.Rb4 Rg7 31.Rxc4 h5 32.Rb4 Qg6 33.Rb2 g4 34.fxg4 hxg4 35.Rf2 Rdf7 36.Ref1
Qh6 37.g3 fxg3 38.Qxg3 Rf3 {#R} 0-1

[Event "It (open)"]
[Site "masterchessopen.com Eger (Hungary)"]
[Round "1"]
[White "Kecskes Gabor (HUN)"]
[Black "Rotfuss Oliver (GER)"]
[Result "0-1"]
[WhiteElo "2156"]
[BlackElo "2109"]

1.d4 Nf6 2.c4 e6 3.Nc3 Bb4 4.Qc2 d5 5.cxd5 exd5 6.Bg5 Be6 7.e3 Nbd7 8.Nf3 c6
9.Bd3 O-O 10.Bxh7+ Kh8 11.Bd3 c5 12.dxc5 Nxc5 13.O-O Rc8 14.Nd4 Nxd3 15.Qxd3
Bxc3 16.bxc3 Bg4 17.h3 Bh5 18.f4 Qd6 19.Bxf6 Qxf6 20.f5 Qe5 21.Rf4 g5 22.fxg6
Bxg6 23.Qd2 Rfe8 24.Re1 Rc4 25.Nf3 Qxc3 26.Rxc4 Qxc4 27.Qb2+ Kg8 28.Ne5 Qh4
29.Rf1 Qh8 {#R} 0-1

[Event "It \"]
[Site "masterchessopen.com Europe"]
[Round "0"]
[White "Bayram Yakup (TUR)"]
[Black "Kolev Atanas (BUL)"]
[Result "0-1"]
[WhiteElo "2281"]
[BlackElo "2500"]

1.d4 Nf6 2.c4 e6 3.Nc3 Bb4 4.Qc2 d5 5.cxd5 exd5 6.Bg5 h6 7.Bh4 c5 8.dxc5 Nc6
9.e3 g5 10.Bg3 Ne4 11.Bd3 Bxc3+ 12.bxc3 Nxc5 13.Ne2 Be6 14.Rb1 Qd7 15.Rb5
Nxd3+ 16.Qxd3 b6 17.h4 O-O-O 18.Nd4 Nxd4 19.cxd4 Kb7 20.Be5 Rhg8 21.hxg5 hxg5
22.Rh6 Rc8 23.Rb2 Rc1+ 24.Kd2 Rgc8 25.Qb3 R1c4 26.Rh8 Rxh8 27.Bxh8 Bf5 28.f3
Qc6 29.Be5 g4 30.Qa3 Rc2+ 31.Ke1 a5 32.Rxc2 Qxc2 33.Qd6 Qxa2 34.Qb8+ Kc6 35.e4
Be6 36.Qe8+ Kb7 37.Qb8+ Ka6 38.Qa8+ Kb5 39.Qe8+ Kc4 40.Qc6+ Kd3 41.Kf1 gxf3
42.Qb5+ Ke3 {#R} 0-1

[Event "It (open)"]
[Site "masterchessopen.com Geneva (Switzerland)"]
[Round "1"]
[White "Chabanon Jean-Luc (FRA)"]
[Black "Geiser Laurent (SUI)"]
[Result "1-0"]
[WhiteElo "2415"]
[BlackElo "2134"]

1.d4 Nf6 2.c4 e6 3.Nc3 Bb4 4.Qc2 d5 5.cxd5 exd5 6.Bg5 O-O 7.a3 Be7 8.e3 Be6
9.Bd3 Nbd7 10.Nge2 c5 11.O-O Rc8 12.Rad1 h6 13.Bh4 c4 14.Bf5 Bxf5 15.Qxf5 Qb6
16.Rd2 Qc6 17.Nf4 g5 18.Nfxd5 Nxd5 19.Nxd5 Bd8 20.Bg3 Qe6 21.Qxe6 fxe6 22.Nc3
Nf6 23.f3 Nd5 24.e4 Nf4 25.Bxf4 gxf4 26.g3 Bg5 27.gxf4 Bxf4 28.Rg2+ Kh7 29.Kf2
Rcd8 30.Ne2 Bg5 31.Rg4 Rd6 32.f4 Rb6 33.Rb1 Rb3 34.Ke1 Be7 35.Rc1 h5 36.Rg2 b5
37.Rc2 Re3 38.Rc3 Bh4+ 39.Kd2 Rxe4 40.Rh3 Rfxf4 {#r} 1-0

[Event "Bundesliga (w)"]
[Site "masterchessopen.com Germany"]
[Round "0"]
[White "Kas-Fromm Rita Dr (GER)"]
[Black "Krutzsch Birgit"]
[Result "1-0"]
[WhiteElo "2200"]
[BlackElo "2000"]

1.d4 Nf6 2.c4 e6 3.Nc3 Bb4 4.Qc2 d5 5.cxd5 exd5 6.Bg5 c6 7.e3 h6 8.Bh4 Nbd7
9.Bd3 Qa5 10.Nf3 O-O 11.O-O Re8 12.a3 Bxc3 13.bxc3 Ne4 14.Nd2 Nxd2 15.Qxd2 b6
16.f3 Ba6 17.e4 Bxd3 18.Qxd3 g5 19.Bg3 Nf6 20.e5 Nh5 21.f4 gxf4 22.Bxf4 Re6
23.Qh3 Nxf4 24.Rxf4 Rg6 25.Raf1 Rf8 26.e6 Qxa3 27.Rxf7 {#r} 1-0

[Event "It (open)"]
[Site "masterchessopen.com Hamburg (Germany)"]
[Round "5"]
[White "Gustafsson Jan (GER)"]
[Black "Steckner Johannes (GER)"]
[Result "0-1"]
[WhiteElo "2631"]
[BlackElo "2290"]

1.d4 Nf6 2.c4 e6 3.Nc3 Bb4 4.Qc2 d5 5.cxd5 exd5 6.Bg5 h6 7.Bh4 c5 8.dxc5 g5
9.Bg3 Ne4 10.e3 Qa5 11.Ne2 Nc6 12.f3 Nxg3 13.hxg3 Bxc5 14.Qd2 Be6 15.Rd1 O-O-O
16.Nd4 Nxd4 17.exd4 Bd6 18.Kf2 Qc7 19.Ne2 Kd7 20.Rc1 Qb8 21.g4 Rdf8 22.a3 f5
23.gxf5 Rxf5 24.Rc3 h5 25.Nc1 Bg3+ 26.Kg1 g4 27.Bb5+ Ke7 28.Qe2 gxf3 29.Rxf3
Rxf3 30.gxf3 Qf4 31.Nb3 h4 32.Kf1 Kf7 33.Qd1 h3 34.Nc5 Qe3 35.Nd3 Bf5 36.Qe2
Bxd3 {#R} 0-1

[Event "It (open)"]
[Site "masterchessopen.com Iraklion (Greece)"]
[Round "2"]
[White "Atalik Suat (BIH)"]
[Black "Maksimovic Branimir (SRB)"]
[Result "1-0"]
[WhiteElo "2535"]
[BlackElo "2455"]

1.d4 Nf6 2.c4 e6 3.Nc3 Bb4 4.Qc2 d5 5.cxd5 exd5 6.Bg5 h6 7.Bh4 c5 8.dxc5 Nc6
9.e3 g5 10.Bg3 Qa5 11.Nf3 Ne4 12.Nd2 Nxc5 13.Bb5 Bxc3 14.Bxc6+ bxc6 15.bxc3
Ba6 16.Nb3 Qa4 17.Rd1 Bc4 18.Qf5 Nd7 19.Qxd7+ {#r} 1-0

[Event "It (open)"]
[Site "masterchessopen.com Silvaplana (Switzerland)"]
[Round "0"]
[White "Skomorokhin Roman (RUS)"]
[Black "Moor Olivier (SUI)"]
[Result "1-0"]
[WhiteElo "2445"]
[BlackElo "2399"]

1.d4 e6 2.c4 Nf6 3.Nc3 Bb4 4.Qc2 d5 5.cxd5 exd5 6.Bg5 h6 7.Bxf6 Qxf6 8.a3
Bxc3+ 9.Qxc3 c6 10.e3 Bf5 11.Qb3 Nd7 12.Nf3 O-O 13.Be2 Qd6 14.O-O Bg4 15.Rfc1
Rab8 16.Qa4 a6 17.b4 Bxf3 18.Bxf3 Nb6 19.Qc2 Rfe8 20.Be2 Nd7 21.Rab1 Rec8
22.a4 b5 23.a5 Rc7 24.Bd3 Nf6 25.f3 Re8 26.Re1 Rce7 27.Qc3 Kf8 28.Bc2 g5
29.Bf5 Kg7 30.Rbc1 h5 31.Qd2 Kh6 32.h4 Rg8 33.e4 Ne8 34.e5 Qc7 35.Rc5 Qb7
36.Rec1 Rc7 37.R1c3 f6 38.Qc1 Qa7 39.Qe3 Rgg7 40.hxg5+ {#r} 1-0

[Event "It"]
[Site "masterchessopen.com Sochi (Russia)"]
[Round "0"]
[White "Ryskin Alexander (BLR)"]
[Black "Pushkov Nikolai (RUS)"]
[Result "1-0"]
[WhiteElo "2505"]
[BlackElo "2485"]

1.d4 Nf6 2.c4 e6 3.Nc3 Bb4 4.Qc2 d5 5.cxd5 exd5 6.Bg5 h6 7.Bh4 c5 8.dxc5 g5
9.Bg3 Ne4 10.e3 Qa5 11.Be5 O-O 12.Bd3 Nc6 13.Bxe4 Nxe5 14.Bh7+ Kg7 15.Bd3 Bg4
16.Ne2 Bxe2 17.Bxe2 Rac8 18.O-O Bxc3 19.bxc3 Qxc5 20.Rad1 Rfd8 21.Qf5 Qe7
22.f4 gxf4 23.exf4 Ng6 24.Qg4 f5 25.Qf3 Qc5+ 26.Kh1 Qxc3 27.Rd3 Qb2 28.Rb3
Qxa2 29.Rxb7+ Kf6 30.Qh5 Qc2 31.Qxh6 Rc7 32.Bh5 Rxb7 33.Qxg6+ Ke7 34.Qg7+ {#r}
1-0

[Event "Ch France (team) (2) 1994/95"]
[Site "masterchessopen.com France"]
[Round "0"]
[White "Etchegaray Patrice (FRA)"]
[Black "Gervais Claire (FRA)"]
[Result "1-0"]
[WhiteElo "2395"]
[BlackElo "2118"]

1.d4 Nf6 2.c4 e6 3.Nc3 Bb4 4.Qc2 d5 5.cxd5 exd5 6.Bg5 c5 7.dxc5 h6 8.Bh4 g5
9.Bg3 Ne4 10.e3 Qa5 11.Be5 f6 12.Bd4 Kf7 13.Bd3 Bf5 14.Ne2 Nxc3 15.Nxc3 Bxd3
16.Qxd3 Nc6 17.O-O Rad8 18.Nb5 Nxd4 19.exd4 Qa6 20.Rfd1 Kg7 21.a3 Ba5 22.b4
{#r} 1-0

[Event "It (open) (b)"]
[Site "masterchessopen.com Graz (Austria)"]
[Round "6"]
[White "Walzl Martin (AUT)"]
[Black "Csrnko Werner (AUT)"]
[Result "1-0"]
[WhiteElo "2153"]
[BlackElo "1935"]

1.d4 Nf6 2.c4 e6 3.Nc3 Bb4 4.Qc2 d5 5.cxd5 exd5 6.Bg5 O-O 7.e3 c6 8.Bd3 h6
9.Bh4 Be6 10.Nf3 Nbd7 11.Ne5 Bd6 12.f4 Nb6 13.O-O Be7 14.Qe2 Ne4 15.Bxe7 Nxc3
16.bxc3 Qxe7 17.f5 Bd7 18.Rf3 Qd6 19.f6 g6 20.Rg3 Kh8 21.Bxg6 fxg6 22.Rxg6
Qxf6 23.Rxf6 Rxf6 24.Rf1 Raf8 25.Ng6+ Kg7 26.Nxf8 Rxf8 27.Rxf8 Kxf8 28.Qf2+
Kg7 29.Qg3+ Kf6 30.Qf4+ Kg6 31.Qb8 Nc4 32.Qxb7 Be6 33.Qxc6 Kf6 34.e4 {#r} 1-0

[Event "It (open)"]
[Site "masterchessopen.com Kstovo (Russia)"]
[Round "0"]
[White "Skomorokhin Roman (RUS)"]
[Black "Krivonosov Oleg (LAT)"]
[Result "1-0"]
[WhiteElo "2425"]
[BlackElo "2400"]

1.d4 Nf6 2.c4 e6 3.Nc3 Bb4 4.Qc2 d5 5.cxd5 exd5 6.Bg5 O-O 7.e3 h6 8.Bh4 c6
9.Bd3 Nbd7 10.a3 Be7 11.Nge2 c5 12.O-O c4 13.Bf5 Nb6 14.f3 Ne8 15.Bf2 Bxf5
16.Qxf5 Nd6 17.Qc2 Bg5 18.e4 f5 19.exd5 Ne8 20.a4 Nc7 21.b3 Rb8 22.d6 Qxd6
23.bxc4 Qc6 24.h4 Bf6 25.c5 Nbd5 26.Qb3 Kh7 27.Nb5 a6 28.Nxc7 Nxc7 29.Qd3 Rbe8
30.Qxf5+ g6 31.Qd3 Nd5 32.h5 Bg5 33.Rfb1 Rf7 34.Rb2 Kg7 35.Qxg6+ Qxg6 36.hxg6
Kxg6 37.Ng3 Nf6 38.Rab1 Ree7 39.Rb6 Kh7 40.Nf5 Re2 41.Rxb7 Kg6 42.Rxf7 Kxf7
43.Rb7+ Kf8 44.c6 Rc2 45.c7 Rc1+ 46.Kh2 Bf4+ 47.Bg3 Bxg3+ 48.Kxg3 {#r} 1-0

[Event "It (open) \"]
[Site "masterchessopen.com London (England)"]
[Round "0"]
[White "Law Andrew P (ENG)"]
[Black "Ward Christopher (ENG)"]
[Result "0-1"]
[WhiteElo "2375"]
[BlackElo "2490"]

1.d4 Nf6 2.c4 e6 3.Nc3 Bb4 4.Qc2 d5 5.cxd5 exd5 6.Bg5 h6 7.Bh4 c5 8.dxc5 g5
9.Bg3 Ne4 10.e3 Qa5 11.Ne2 Bf5 12.Be5 O-O 13.Nd4 Nxc3 14.Nxf5 Ne4+ 15.Kd1 Nc6
16.Bg3 Bxc5 17.f3 Rfd8 18.Nxh6+ Kg7 19.Nxf7 Kxf7 20.fxe4 dxe4+ 21.Kc1 Bxe3+
22.Kb1 Kg7 23.a3 Rd2 24.Qxe4 Bd4 25.b4 Rd1+ {#R} 0-1

[Event "Match \"]
[Site "masterchessopen.com London (England)"]
[Round "4"]
[White "Relange Eloi (FRA)"]
[Black "Emms John M (ENG)"]
[Result "0-1"]
[WhiteElo "2445"]
[BlackElo "2535"]

1.d4 Nf6 2.c4 e6 3.Nc3 Bb4 4.Qc2 d5 5.cxd5 exd5 6.Bg5 c5 7.dxc5 h6 8.Bh4 g5
9.Bg3 Ne4 10.e3 Qa5 11.Ne2 Bf5 12.Be5 O-O 13.Nd4 Nxc3 14.Qxf5 Ne4+ 15.Ke2 Nc6
16.Nxc6 Qa6+ 17.Kf3 Qxc6 18.Bd3 Bxc5 19.Bxe4 dxe4+ 20.Qxe4 f6 21.Qxc6 fxe5+
22.Ke4 bxc6 23.Rac1 Bb6 24.Rxc6 Rxf2 25.Rxh6 Kg7 26.Re6 Rxb2 27.Rc1 Re2 28.Rc3
Rf8 29.Rxe5 Rxg2 {#R} 0-1

[Event "Ch World (juniors) (under 18)"]
[Site "masterchessopen.com Szeged (Hungary)"]
[Round "0"]
[White "Tomicic Zvonimir (CRO)"]
[Black "Gogonian Arsen (TKM)"]
[Result "0-1"]
[WhiteElo "2217"]
[BlackElo "2292"]

1.d4 Nf6 2.c4 e6 3.Nc3 Bb4 4.Qc2 d5 5.cxd5 exd5 6.Bg5 Be6 7.e3 Nbd7 8.Bd3 h6
9.Bh4 c5 10.Ne2 Rc8 11.O-O cxd4 12.exd4 O-O 13.Qb3 Bxc3 14.Nxc3 Nb6 15.Nb5 Nc4
16.Nxa7 Ra8 17.Bxc4 dxc4 18.Qxb7 Qxd4 19.Bxf6 Qxf6 20.Nc6 Kh8 21.Rfd1 Qg5
22.Qe7 Qxe7 23.Nxe7 Rfb8 24.Rd2 Rb6 25.f4 g6 26.f5 gxf5 27.Rf2 Ra5 28.g3 Kg7
29.Raf1 Kf6 30.Ng8+ Kg7 31.Ne7 Kf8 32.Nxf5 Bxf5 33.Rxf5 Rxf5 34.Rxf5 Rxb2
35.Rc5 Rc2 36.Rc6 Ke7 37.Rxh6 f6 38.Rh8 Kd7 39.Rh5 Kd6 40.Rf5 c3 41.Rxf6+ Kd5
42.Rf8 Rb2 43.Rc8 c2 44.h4 Rb1+ 45.Kh2 c1=Q {#R} 0-1

[Event "Ch Brazil"]
[Site "masterchessopen.com Brazil"]
[Round "5"]
[White "Lima Darcy (BRA)"]
[Black "Sunye Neto Jaime (BRA)"]
[Result "1-0"]
[WhiteElo "2475"]
[BlackElo "2510"]

1.d4 Nf6 2.c4 e6 3.Nc3 Bb4 4.Qc2 d5 5.cxd5 exd5 6.Bg5 h6 7.Bh4 c5 8.dxc5 g5
9.Bg3 Ne4 10.e3 Qa5 11.Ne2 Nc6 12.a3 Bf5 13.Qc1 Nxc5 14.axb4 Nd3+ 15.Kd2 Qxb4
16.Ra4 Nxc1 17.Rxb4 Nxe2 18.Rxb7 Nxg3 19.hxg3 d4 20.exd4 Nxd4 21.Nd5 Kf8
22.Bc4 Rd8 23.Kc3 Nc6 24.Nb4 Rd7 25.Rb5 Be4 26.Nxc6 Bxc6 27.Rb8+ Kg7 28.Rxh8
{#r} 1-0

[Event "It (b) (cat.3)"]
[Site "masterchessopen.com Budapest (Hungary)"]
[Round "6"]
[White "Kahn Evarth Dr (HUN)"]
[Black "Todorovic Goran N (SRB)"]
[Result "0-1"]
[WhiteElo "2350"]
[BlackElo "2420"]

1.d4 Nf6 2.c4 e6 3.Nc3 Bb4 4.Qc2 d5 5.cxd5 exd5 6.Bf4 c6 7.e3 Nbd7 8.Bd3 Nh5
9.Bg3 Nxg3 10.hxg3 Nf6 11.Nf3 Bd6 12.O-O-O h6 13.Nh4 Be6 14.Nf5 Bf8 15.f3 Qd7
16.g4 O-O-O 17.g5 Ne8 18.g4 Kb8 19.Kb1 Qc7 20.e4 dxe4 21.Bxe4 Bxf5 22.gxf5 Nd6
23.d5 c5 24.f6 gxf6 25.gxf6 a6 26.Rdg1 c4 27.Rh5 Qb6 28.Qh2 Ka8 29.Rg4 Ne8
30.Rf5 Bb4 31.Qc2 Nd6 32.Re5 Qd4 33.f4 Rhe8 34.Rg7 Rd7 35.Rh7 Qg1+ 36.Nd1 Qa7
37.Qa4 Qg1 38.Bc2 Qb6 39.a3 Bd2 40.f5 Bg5 41.Re2 h5 42.Rh2 h4 43.Rh3 Qd4
44.Nc3 Qg1+ 45.Ka2 Qg2 {#R} 0-1

[Event "It (open)"]
[Site "masterchessopen.com Cannes (France)"]
[Round "0"]
[White "Chabanon Jean-Luc (FRA)"]
[Black "Sokolov Andrei (FRA)"]
[Result "0-1"]
[WhiteElo "2480"]
[BlackElo "2585"]

1.d4 Nf6 2.c4 e6 3.Nc3 Bb4 4.Qc2 d5 5.cxd5 exd5 6.Bg5 h6 7.Bh4 c5 8.dxc5 Nc6
9.e3 O-O 10.Nf3 d4 11.O-O-O Qa5 12.Bxf6 dxc3 13.Bxc3 Qxa2 14.Bb5 Bxc3 15.Qxc3
Be6 16.Bxc6 bxc6 17.Nd4 Rab8 18.Kc2 Rb7 19.Ra1 Qd5 20.f3 Rfb8 21.Rhb1 Qg5
22.b4 Qxg2+ 23.Qd2 Qg6+ 24.Qd3 Qh5 25.Kc3 Rd8 26.Rb2 Rd5 27.Ra5 Rbd7 28.Qe4
Qg5 29.f4 Qf6 30.Ra6 Bf5 31.Qe8+ Kh7 32.Rxc6 Qh4 33.Rd2 Qe1 34.e4 Rxd4 {#R}
0-1

[Event "It (open)"]
[Site "masterchessopen.com Cappelle la Grande (France)"]
[Round "9"]
[White "Etchegaray Patrice (FRA)"]
[Black "Solozhenkin Evgeniy (RUS)"]
[Result "0-1"]
[WhiteElo "2340"]
[BlackElo "2515"]

1.d4 Nf6 2.c4 e6 3.Nc3 Bb4 4.Qc2 d5 5.cxd5 exd5 6.Bg5 Qd6 7.Bxf6 Qxf6 8.e3 c6
9.a3 Qg6 10.Qxg6 Bxc3+ 11.bxc3 hxg6 12.Bd3 Nd7 13.Ne2 Nb6 14.O-O Bf5 15.Bxf5
gxf5 16.Rfb1 O-O-O 17.a4 Nc4 18.Ng3 g6 19.Nf1 Rh7 20.Ra2 Rdh8 21.h3 f6 22.Nd2
Nd6 23.Rc1 Rc7 24.c4 c5 25.cxd5 cxd4 26.Rxc7+ Kxc7 27.exd4 Kd7 28.Nb3 b6 29.a5
Nb5 30.axb6 axb6 31.Ra6 Rb8 32.Nc5+ bxc5 33.dxc5 Rf8 34.Ra5 Nc7 35.Ra7 Ra8
36.Rb7 Kc8 37.Rb6 Ra6 {#R} 0-1

[Event "It (open)"]
[Site "masterchessopen.com Cappelle la Grande (France)"]
[Round "5"]
[White "Shabalov Alexander (USA)"]
[Black "Medghoul Sherif (FRA)"]
[Result "1-0"]
[WhiteElo "2555"]
[BlackElo "2170"]

1.d4 Nf6 2.c4 e6 3.Nc3 Bb4 4.Qc2 d5 5.cxd5 exd5 6.Bg5 Qd6 7.e3 Ne4 8.Bf4 Qg6
9.Qb3 Bxc3+ 10.bxc3 c6 11.Nf3 Nd7 12.Bg3 O-O 13.Be2 Re8 14.O-O Nxg3 15.hxg3
Qd6 16.c4 Nf6 17.Rac1 Qe7 18.cxd5 Nxd5 19.Ne5 Be6 20.Qb2 Qb4 21.Qxb4 Nxb4
22.Rb1 Nxa2 23.Rxb7 Nc3 24.Bf3 Reb8 25.Rxb8+ Rxb8 26.Nxc6 Rb7 27.Ra1 Na2 28.d5
{#r} 1-0

[Event "It"]
[Site "masterchessopen.com Kurgan (Russia)"]
[Round "0"]
[White "Sherbakov Ruslan (RUS)"]
[Black "Balashov Yuri S (RUS)"]
[Result "1-0"]
[WhiteElo "2520"]
[BlackElo "2490"]

1.d4 Nf6 2.c4 e6 3.Nc3 Bb4 4.Qc2 d5 5.cxd5 exd5 6.Bg5 h6 7.Bh4 c5 8.dxc5 g5
9.Bg3 d4 10.O-O-O Qa5 11.Rxd4 Nc6 12.Rd6 Bxc3 13.bxc3 Nh5 14.e4 Nxg3 15.hxg3
Be6 16.f4 Qxc5 17.e5 Rc8 18.Kb2 Ke7 19.Ne2 Rcd8 20.Nc1 gxf4 21.gxf4 Rxd6
22.exd6+ Kxd6 23.Nb3 Bxb3 24.axb3 Kc7 25.Bc4 Rd8 26.Rxh6 Qe3 27.Rh3 Qxf4
28.Rf3 Qg5 29.Rxf7+ Kb8 30.Rf5 Qe3 31.Rf3 Qg5 32.Rd3 Rxd3 33.Bxd3 Ne5 34.Bf5
Qf4 35.Qe4 Qd2+ 36.Qc2 Qf4 37.Be4 Qe3 38.Qd1 Qf2+ 39.Kb1 Kc7 40.Qd4 Qg3 41.Kb2
a6 42.Qc5+ Kb8 43.Qd6+ Ka7 44.Qe7 {#r} 1-0